000 00770cam a2200229 4500
001 i9780959763973
008 970304s1989 nz a f 00 0deng
020 _a095976397X
035 _a(Sirsi) u13484
041 0 _aeng
050 0 4 _a920 $2 18
110 2 _aNew Zealand Institute of Valuers
_91111
245 0 0 _aHistory
_b1939-1989
260 _aWellington, New Zealand
_bNZIV
_c1989
300 _ax, 92 p.
_bill.
_c24 cm.
350 _a12
520 _aA history of the NZIV. Includes a list of members as at 30 September 1939, a list of past presidents, a list of life members and a list of honorary members.
651 4 _aNew Zealand
_y1947-
690 _aPROPERTY-PROPERTY APPRAISAL AND VALUATION-VALUATION SURVEYORS
942 _n0
948 _c04/03/1997
999 _c87103
_d87103